LEADER 05199nam 2200637 a 450 001 9910143720703321 005 20170815110640.0 010 $a1-119-19814-3 010 $a1-280-83936-8 010 $a9786610839360 010 $a0-470-13930-7 035 $a(CKB)1000000000356389 035 $a(EBL)291453 035 $a(OCoLC)166866330 035 $a(SSID)ssj0000095648 035 $a(PQKBManifestationID)11120081 035 $a(PQKBTitleCode)TC0000095648 035 $a(PQKBWorkID)10075457 035 $a(PQKB)11427188 035 $a(MiAaPQ)EBC291453 035 $a(EXLCZ)991000000000356389 100 $a20061102d2007 uy 0 101 0 $aeng 135 $aur|n|---||||| 181 $ctxt 182 $cc 183 $acr 200 10$a30 days to market mastery$b[electronic resource] $ea step-by-step guide to profitable trading /$fJake Bernstein 210 $aHoboken, N.J. $cJohn Wiley$dc2007 215 $a1 online resource (223 p.) 225 1 $aWiley trading 300 $aIncludes index. 311 $a0-470-10987-4 327 $a30 Days to Market Mastery: A Step-by-Step Guide to Profitable Trading; Contents; Preface; ORGANIZATION; ANSWERS TO QUIZZES; Acknowledgments; Introduction; Lesson 1, Day 1: The Structure of a Trade; INTRODUCTION; THE PURPOSE OF TRADING OR INVESTING; THE PURPOSE OF THIS COURSE; WHAT IS "STRUCTURE"?; STEP 1: DETERMINE A SETUP; STEP 2: USE A TRIGGER FOR EVERY SETUP; STEP 3: EVERY SETUP AND TRIGGER COMBINATION MUST HAVE A FOLLOW-THROUGH METHOD; REVIEW; LESSON 1 QUIZ; Lesson 2, Day2: Setup, Trigger, and Follow-through: The Basics; INTRODUCTION; COMMON SETUPS; ADDING A TRIGGER 327 $aADDING A FOLLOW-THROUGHS-T-F: THE COMPLETE APPROACH; REVIEW; LESSON 2 QUIZ; Lesson 3, Day 3: Seasonality and High-Odds Seasonal Setups; INTRODUCTION; TYPES OF SEASONALS; SEASONALS ARE SETUPS; FINDING KEY DATE SEASONALS; S-T-F: APPLICATION; LOGGING INTO WWW.SEASONALTRADER.COM; REVIEW; LESSON 3 QUIZ; Lesson 4, Day 4: The Seasonal Trigger; INTRODUCTION; STOCHASTIC K 14 AND 5; AN EXAMPLE; REVIEW; LESSON 4 QUIZ; Lesson 5, Day 5: Follow-Through; INTRODUCTION; RISK MANAGEMENT USING A STOP-LOSS; TYPES OF STOP-LOSSES; SEASONAL TRADE STOP-LOSS AND FOLLOW-UP; THREE TYPES OF FOLLOW-THROUGH 327 $aSOME IMPORTANT DETAILSPRACTICE, PRACTICE, PRACTICE; REVIEW; LESSON 5 QUIZ; Lesson 6, Day 6: Trading the Power Momentum Formula (PMF); INTRODUCTION; NORMAL AND ABNORMAL RELATIONSHIPS BETWEEN MOM AND PRICE; RULES OF APPLICATION; PRACTICE, PRACTICE, PRACTICE; REVIEW; LESSON 6 QUIZ; Lesson 7, Day 7: Power Momentum Formula (PMF) Trigger; SELL TRIGGER; BUY TRIGGER; PRACTICE, PRACTICE, PRACTICE; REVIEW; LESSON 7 QUIZ; Lesson 8, Day 8: PMF: Follow-through: Part I; CALCULATING THE PROFIT TARGET; PRACTICE; REVIEW; LESSON 8 QUIZ; Lesson 9, Day 9: PMF: Follow-through: Part II; REVIEW OF THE METHOD 327 $aCONSERVATIVE STRATEGYMODERATE STRATEGY; AGGRESSIVE STRATEGY; EXAMPLES; STOP-LOSSES AND THE DANGER ZONE; PRACTICE, PRACTICE, PRACTICE; REVIEW; LESSON 9 QUIZ; Lesson 10, Day 10: Using the Moving Average Channel: Part I; THE METHOD; IT LOOKS EASY; PRACTICE, PRACTICE, PRACTICE; REVIEW; LESSON 10 QUIZ; Lesson 11, Day 11: Using the Moving Average Channel: Part II; MAC APPLICATION AS A TREND INDICATOR AND TREND CHANGE INDICATOR; MAC APPLICATION USING THE FIVE CONSECUTIVE BAR PATTERN; MAC APPLICATION USING THE ACCUMULATION-DISTRIBUTION MA; SUMMARY; REVIEW; LESSON 11 QUIZ 327 $aLesson 12, Day 12: Three Powerful Price Patterns: Part IPATTERN 1: THE GAP TRADE; THE IMPORTANCE OF GAP DAYS; FOLLOW-THROUGH ON GAP TRADES; FIRST PROFITABLE OPENING EXIT RULE (FPO); SAMPLE GAP TRADES: START TO FINISH; REVIEW; LESSON 12 QUIZ; Lesson 13, Day 13: Three Powerful Price Patterns: Part II; PATTERN 2: THE TWO-DAY BREAKAWAY GAP; SETUP AND TRIGGER; FOLLOW-THROUGH; ANOTHER EXAMPLE; REVIEW; LESSON 13 QUIZ; Lesson 14, Day 14: Three Powerful Price Patterns: Part III; PATTERN 3: THE CMC; SETUP AND TRIGGER; FOLLOW-THROUGH; EXAMPLES; REVIEW; LESSON 14 QUIZ 327 $aLesson 15, Day 15: The Eight-Bar Open/Close Pattern and How to Use It 330 $aA solid foundation for those looking to succeed in today's market An excellent book for new traders, 30 Days to Market Mastery outlines an easy-to-understand and easy-to-implement approach to learning how to trade. This book covers the fundamentals of how to structure trades in a disciplined fashion, so as to avoid vague decisions and acting on unclear trading signals. It also provides a number of strategies for entering and exiting the market in a way that maximizes the chances of making money and minimizes the potential for losing money. With this book as their guide, readers 410 0$aWiley trading. 606 $aFutures 606 $aFutures market$vExaminations, questions, etc 608 $aElectronic books. 615 0$aFutures. 615 0$aFutures market 676 $a332.6452 676 $a658.8 700 $aBernstein$b Jacob$f1946-$0114489 801 0$bMiAaPQ 801 1$bMiAaPQ 801 2$bMiAaPQ 906 $aBOOK 912 $a9910143720703321 996 $a30 days to market mastery$92170844 997 $aUNINA LEADER 01702nam 2200553 450 001 9910786535603321 005 20200520144314.0 010 $a2-84433-174-2 035 $a(CKB)3710000000128402 035 $a(EBL)3399513 035 $a(SSID)ssj0001329883 035 $a(PQKBManifestationID)11736559 035 $a(PQKBTitleCode)TC0001329883 035 $a(PQKBWorkID)11329175 035 $a(PQKB)11301614 035 $a(MiAaPQ)EBC3399513 035 $a(Au-PeEL)EBL3399513 035 $a(CaPaEBR)ebr10879857 035 $a(OCoLC)923348726 035 $a(PPN)198665644 035 $a(EXLCZ)993710000000128402 100 $a20140623h20142014 uy 0 101 0 $afre 135 $aur|n|---||||| 181 $ctxt 182 $cc 183 $acr 200 04$aLes re?seaux fluviatiles anciens du plateau continental de Bretagne Sud /$fDavid Menier, Claude Augris, Ce?cile Briend, coordinateurs 210 1$aVersailles, France :$cE?ditions Quae,$d2014. 210 4$d©2014 215 $a1 online resource (107 p.) 300 $aDescription based upon print version of record. 311 $a2-84433-173-4 320 $aIncludes bibliographical references. 606 $aGeological mapping$zFrance 606 $aFluvial geomorphology$zFrance 615 0$aGeological mapping 615 0$aFluvial geomorphology 676 $a550.223 702 $aMenier$b David 702 $aAugris$b Claude 702 $aBriend$b Ce?cile 801 0$bMiAaPQ 801 1$bMiAaPQ 801 2$bMiAaPQ 906 $aBOOK 912 $a9910786535603321 996 $aLes re?seaux fluviatiles anciens du plateau continental de Bretagne Sud$93734877 997 $aUNINA LEADER 04839nam 22006975 450 001 9910157472103321 005 20250306123737.0 010 $a9783319496764 010 $a331949676X 024 7 $a10.1007/978-3-319-49676-4 035 $a(CKB)3710000001001451 035 $a(DE-He213)978-3-319-49676-4 035 $a(MiAaPQ)EBC4774360 035 $a(PPN)197455980 035 $a(EXLCZ)993710000001001451 100 $a20161230d2017 u| 0 101 0 $aeng 135 $aurnn|008mamaa 181 $ctxt$2rdacontent 182 $cc$2rdamedia 183 $acr$2rdacarrier 200 10$aAppraisal: From Theory to Practice $eResults of SIEV 2015 /$fedited by Stefano Stanghellini, Pierluigi Morano, Marta Bottero, Alessandra Oppio 205 $a1st ed. 2017. 210 1$aCham :$cSpringer International Publishing :$cImprint: Springer,$d2017. 215 $a1 online resource (XXVI, 326 p. 65 illus.) 225 1 $aGreen Energy and Technology,$x1865-3537 311 08$a9783319496757 311 08$a3319496751 320 $aIncludes bibliographical references at the end of each chapters. 327 $aAppraisal of Manufacturing Buildings through the Depreciated Replacement Cost Approach -- Do Real Estate Cycles Exist and, If So, Are They Predictable? -- The Mass Appraisal Tool: Application of a Pluri-parametric Model for the Appraisal of Real Properties -- New Bottom-Up Approaches to Enhance Public Real/Estate Property -- A Strategic Environmental Assessment of a Possible Direct Road Connection between Veneto Region and Central Europe -- An Integrated Model for Ex-Ante Evaluation of Flood Damage to Residential Building -- Forms and Functions of the Real Estate Market of Palermo. Science and Knowledge in the Cluster Analysis Approach -- The Value of Intellectual Capital in Shipping Companies -- Compensation for Land/Property Owners Hosting a Wind Farm. The Italian Case -- Valuing the impact of social housing renovation programs: an application of the Social Return On Investment (SROI) -- Decision support methods for public-privatepartnerships: an application to the territorial context of the Apulia Region (Italy) -- Gaps and overlaps of urban housing sub-market: hard clustering and fuzzy clustering approaches -- Designing adaptive reuse strategies for cultural heritage with Choice Experiments. . 330 $aThis book documents the state of the art and the emerging operational perspectives in the field of the appraisal discipline. It covers a wide range of topics, including energy efficiency, environmental sustainability, socio-economic evaluation of regional and urban transformations, real estate and facility management, risk management. It also discusses the potential role of appraisal in minimising unexpected consequences; the role of evaluators in urban development projects as well as the contribution of several methodologies with respect to the overall planning and design processes; the need to manage the complexity of the current decision contexts, while at the same time promoting efficient and effective evaluation processes; improving the quality of discussion and communication of the outcomes of evaluation processes; as well as the appropriateness of current regulation and policy regimes (EU, national, regional etc.). It comprises a selection of thebest papers presented at the SIEV 2015 conference "Appraisal: Current Issues and Problems", which was held in Bari, Italy, in July 2015, and brought together architects, engineers, urban planners, decision-makers and government representatives. 410 0$aGreen Energy and Technology,$x1865-3537 606 $aSociology, Urban 606 $aConstruction industry$xManagement 606 $aIndustrial management 606 $aReal estate management 606 $aManagement 606 $aUrban Sociology 606 $aConstruction Management 606 $aIndustrial Management 606 $aReal Estate Management 606 $aManagement 615 0$aSociology, Urban. 615 0$aConstruction industry$xManagement. 615 0$aIndustrial management. 615 0$aReal estate management. 615 0$aManagement. 615 14$aUrban Sociology. 615 24$aConstruction Management. 615 24$aIndustrial Management. 615 24$aReal Estate Management. 615 24$aManagement. 676 $a307.76 702 $aStanghellini$b Stefano$4edt$4http://id.loc.gov/vocabulary/relators/edt 702 $aMorano$b Pierluigi$4edt$4http://id.loc.gov/vocabulary/relators/edt 702 $aBottero$b Marta$4edt$4http://id.loc.gov/vocabulary/relators/edt 702 $aOppio$b Alessandra$4edt$4http://id.loc.gov/vocabulary/relators/edt 906 $aBOOK 912 $a9910157472103321 996 $aAppraisal: From Theory to Practice$92075352 997 $aUNINA LEADER 03601nam 22006615 450 001 9910639896703321 005 20251219142746.0 010 $a3-031-17305-8 024 7 $a10.1007/978-3-031-17305-9 035 $a(MiAaPQ)EBC7164871 035 $a(Au-PeEL)EBL7164871 035 $a(CKB)25865818700041 035 $a(DE-He213)978-3-031-17305-9 035 $a(OCoLC)1356574412 035 $a(EXLCZ)9925865818700041 100 $a20221223d2023 u| 0 101 0 $aeng 135 $aurcnu|||||||| 181 $ctxt$2rdacontent 182 $cc$2rdamedia 183 $acr$2rdacarrier 200 12$aA Case-Based Approach to Shoulder Pain $eA Pocket Guide to Pathology, Diagnosis and Management /$fedited by Jasmin Harounian, Grant Cooper, Joseph E. Herrera, Scott Curtis 205 $a1st ed. 2023. 210 1$aCham :$cSpringer International Publishing :$cImprint: Springer,$d2023. 215 $a1 online resource (164 pages) 225 1 $aMedicine Series 300 $aIncludes index. 311 08$aPrint version: Harounian, Jasmin A Case-Based Approach to Shoulder Pain Cham : Springer International Publishing AG,c2023 9783031173042 327 $aShoulder Anatomy -- Rotator Cuff Tendonitis and Bursitis -- Biceps Tendonitis -- Labral Tears of the Shoulder -- Adhesive Capsulitis of the Shoulder -- Osteoarthritis of the Shoulder -- Sports Trauma of the Shoulder -- Shoulder Fractures -- Medical Causes of Shoulder Pain -- Shoulder Pain Case Studies. 330 $aShoulder pain is one of the most common reasons for patient visits to orthopedic, physiatrist, primary care and sports medicine offices. Most books that cover this topic review it as a chapter within a larger book on orthopedics as a whole, or they focus on one specific aspect of shoulder pathology, such as osteoarthritis. This practical text is an evidence-based, user-friendly review of the literature for the breadth of shoulder pathologies that present to the busy practitioner. Opening with a review of the relevant anatomy, subsequent chapters discuss injuries to the rotator cuff, biceps tendonitis, labral tears, adhesive capsulitis, and osteoarthritis. Additional chapters cover shoulder pain in the pediatric patient, sports trauma and fractures, and medical causes of shoulder pain. And while reviewing pathology and its diagnosis and treatment is important, proceeding through real case studies is extremely valuable in bringing the diagnosis and treatment of shoulder pathologies to life, hence an engaging section of clinical case material rounds out the presentation. Taken together, A Case-Based Approach to Shoulder Pain will be an ideal resource for musculoskeletal medicine practitioners of all types. 410 0$aMedicine Series 606 $aOrthopedics 606 $aPrimary care (Medicine) 606 $aSports medicine 606 $aOrthopaedics 606 $aPrimary Care Medicine 606 $aSports Medicine 606 $aEspatlla$2thub 606 $aTractament del dolor$2thub 608 $aLlibres electrònics$2thub 615 0$aOrthopedics. 615 0$aPrimary care (Medicine) 615 0$aSports medicine. 615 14$aOrthopaedics. 615 24$aPrimary Care Medicine. 615 24$aSports Medicine. 615 7$aEspatlla 615 7$aTractament del dolor 676 $a625.73 676 $a617.57 702 $aHarounian$b Jasmin 801 0$bMiAaPQ 801 1$bMiAaPQ 801 2$bMiAaPQ 906 $aBOOK 912 $a9910639896703321 996 $aA case-based approach to shoulder pain$93090578 997 $aUNINA